• 首页
  • 本馆介绍
  • 公告通知
  • 最新文献
  • 馆藏检索
  • 电子资源
  • 读者导购
  • 参考咨询
  • 我的图书馆
  • 登录
  • 详细信息显示
  • 放入我的书架
  • 预约/预借图书
  • 作者相关作品
  • 分类相关作品
  • 丛书相关作品
  • 出版社相关作品

书目信息

  • 表格格式
  • 工作单格式
  • 卡片格式
题名:
服饰图案设计与应用
    
 
作者: 侯东昱 , 金玉 主编
分册:  
出版信息: 北京   北京理工大学出版社  2020.01
页数: 113页
开本: 29cm
丛书名:
单 册:
中图分类: TS941.2
科图分类:
主题词: 服饰图案--fu shi tu an--图案设计--高等学校--教材
电子资源:
ISBN: 978-7-5682-7863-8
000 01293nam0 2200277 450
001 CAL 0120202973254
005 20230307174003.14
010    @a978-7-5682-7863-8@dCNY49
100    @a20200408d2020 em y0chiy0120 ea
101 0  @achi
102    @aCN@b110000
105    @aa a 000yy
106    @ar
200 1  @a服饰图案设计与应用@Afu shi tu an she ji yu ying yong@d= Clothing pattern design and application@f主编侯东昱, 金玉@zeng
205    @a第2版
210    @a北京@c北京理工大学出版社@d2020.01
215    @a113页@c图 (部分彩图)@d29cm
320    @a有书目
330    @a本书介绍了服饰图案的基础知识, 研究服饰图案设计的普遍规律及表现方法 ; 结合服装设计实践, 对服饰图案的组织、色彩配置等进行了详细讲解, 并着重介绍了服饰图案的表现工艺及应用方法。全书紧扣“服饰图案”这一主题, 区别于以往单一的图案基础介绍, 紧密结合古今中外服饰文化, 对服饰图案的设计理念及设计方法进行了具体阐释 ; 并将实际成衣生产中图案的制作工艺与图案艺术设计紧密结合, 理论联系实际, 实现了服装生产体系“艺”与“工”的结合。
510 1  @aClothing pattern design and application@zeng
606 0  @a服饰图案@Afu shi tu an@x图案设计@x高等学校@j教材
690    @aTS941.2@v5
701  0 @a侯东昱@Ahou dong yu@4主编
701  0 @a金玉@Ajin yu@4主编
801  0 @aCN@bBJXHZP@c20230228
905    @b1408195-8@dTS941.2@e130=2@f4
    
    服饰图案设计与应用= Clothing pattern design and application/主编侯东昱, 金玉.-第2版.-北京:北京理工大学出版社,2020.01
    113页:图 (部分彩图);29cm
    
    
    ISBN 978-7-5682-7863-8:CNY49
    本书介绍了服饰图案的基础知识, 研究服饰图案设计的普遍规律及表现方法 ; 结合服装设计实践, 对服饰图案的组织、色彩配置等进行了详细讲解, 并着重介绍了服饰图案的表现工艺及应用方法。全书紧扣“服饰图案”这一主题, 区别于以往单一的图案基础介绍, 紧密结合古今中外服饰文化, 对服饰图案的设计理念及设计方法进行了具体阐释 ; 并将实际成衣生产中图案的制作工艺与图案艺术设计紧密结合, 理论联系实际, 实现了服装生产体系“艺”与“工”的结合。
●
相关链接 在E读中查询图书 在五车中查询图书 在当当中查询图书 在豆瓣中查询图书


正题名:服饰图案设计与应用     索取号:TS941.2/130=2         预约/预借

序号 登录号 条形码 馆藏地/架位号 状态 备注
1 1408195   214081955   第二样本阅览室/ [索取号:TS941.2/130=2] 在馆    
2 1408196   214081964   第三借阅区/ [索取号:TS941.2/130=2] 在馆    
3 1408197   214081973   第三借阅区/ [索取号:TS941.2/130=2] 在馆    
4 1408198   214081982   第三借阅区/ [索取号:TS941.2/130=2] 在馆    
唐山师范学院图书馆 欢迎您!
大连网信软件有限公司© 版权所有